Sea of Japan General Knowledge - Statistics

General Stats
  • This quiz has been taken 409 times
  • The average score is 12 of 20
Answer Stats
Question Answer % Correct
What ocean is Sea of Japan a part of? {Pacific} Ocean
98%
What are the two main islands of Japan that border the Sea of Japan? Honshu
93%
What are the two main islands of Japan that border the Sea of Japan? Hokkaido
90%
What peninsula is located on the western side of the Sea of Japan? {Korean} Peninsula
90%
The above is in which vast region of Russia? Siberia
87%
What earthquake-area runs through Japan? Ring of {Fire}
84%
What major Russian city is near the North Korean border? Vladivostok
84%
What does South Korea want the sea to be named? {East} Sea
80%
South Korea's second most populous city is named what? Busan
78%
Sea of Japan is connected to which two other seas through the Korea Strait? {East} {China} Sea
68%
Sea of Japan is connected to which two other seas through the Korea Strait? {Yellow} Sea
61%
What island, Russia's largest one, borders the Sea of Japan? Sakhalin
60%
What Japanese city hosted the 1972 Winter Olympics? Sapporo
60%
What South Korean county hosted the 2018 Winter Olympics? Pyeongchang
37%
What sea is the Sea of Japan connected through two straits in northeast? Sea of {Okhotsk}
36%
What Japanese city starting with N, is facing the Sado Island? Niigata
23%
What metropolitan city of South Korea is just to the northeast of the above? Ulsan
22%
What are the largest North Korean cities after Pyongyang? Hamhung
16%
What are the largest North Korean cities after Pyongyang? Chongjin
11%
Flowing into the Sea of Japan, what is Japan's longest river? Shinano
9%
No matching quizzes found
Score Distribution
Percent of People with Each Score
Percentile by Number Answered
Your Score History
You have not taken this quiz